Представление документа в формате MARC21

Поле Инд. ПП Название Значение
Тип записи a
Библиографический уровень m
001 Контрольный номер RU/IS/BASE/400599109
005 Дата корректировки 20220110145226.2
020 a ISBN 978-5-91504-014-3
040 a Служба первич. каталог. НБ ТвГУ
b Код языка каталог. rus
e Правила каталог. PSBO
041 0_ a Код языка текста rus
080 a Индекс УДК 821.161.1-1
084 a Индекс другой классификации/Индекс ББК Ш6(2=411.2)6-5
090 a Полочн. индекс Ш6(2=411.2)
x Авторский знак Б 48
100 1_ a Автор Беренштейн Ефим Павлович
q Полное имя Беренштейн Е. П.
d Дата 1957-2022
245 10 a Заглавие Овеществленность
b Продолж. заглавия (четвертая книга стихов)
260 a Место издания Тверь
b Издательство СФК-офис
c Дата издания 2011
300 a Объем 274, [1] c.
b Иллюстрации/ тип воспроизводства ил., портр.
653 0_ a Ключевые слова Краеведение
a Ключевые слова Художественная
852 41 x Примечание, не предназначенное для пользователя Беренштейн Е. П., дарств. зап.
901 t Тип документа m
920 a Оператор Густ
930 a Новая/Ретро художественная
a Новая/Ретро краеведение
952 c Вид литературы К рх
954 a Дата поступления на обработку 20120912